00325nam a2200121Ia 4500008004100000041000800041082001600049100001400065245004500079260004400124300002400168365001100192240624s9999 xx 000 0 und d aeng a361.766 SAR aSARMA A M aASPECTS OF LABOUR WELFARE AND SOCIAL SEC c2008aMumbaibHimalaya Publishing House a284 : p. : cm. ; 26 cRSb25